Mathematical biology.

Gorde:
Xehetasun bibliografikoak
Egile nagusia: Murray, James D. (Egilea)
Formatua: Ezezaguna
Argitaratua: Berlin, Germany: Springer, 2003.
Edizioa:Third Edition.
Saila:Interdisciplinary Applied Mathematics. Volume, 17 18.
Gaiak:
Etiketak: Etiketa erantsi
Etiketarik gabe, Izan zaitez lehena erregistro honi etiketa jartzen!

MARC

LEADER 00000 a2200000 4500
003 CL-VaPUC
005 20221014083811.0
008 221011t2003 ||||| |||| 00| 0 eng d
999 |c 438496  |d 438494 
020 |a 9781475777093 (v.I) 
020 |a 9781475778700 (v.II) 
040 |c Pontificia Universidad Católica de Valparaíso 
082 6 |a 570.15118 MUR 2003  |2 22 
100 |a Murray, James D.  |9 566187  |e author 
245 |a Mathematical biology. 
250 |a Third Edition. 
260 |a Berlin, Germany:  |b Springer,  |c 2003. 
300 |a 2 volúmenes. 
490 |a Interdisciplinary Applied Mathematics.   |v Volume, 17 18. 
505 |a v.I. An introduction. v.II. Spatial Models and Biomedical Applications. 
583 |k GC  |c 20221011 
650 |a Biología   |x Modelos matemáticos   |9 877502 
942 |2 ddc  |c BK 
952 |0 0  |1 0  |2 ddc  |4 0  |6 570_151180000000000_MUR_2003  |7 0  |8 A  |9 587169  |a BIBCUR  |b BIBCUR  |c GEN  |d 2022-10-07  |e 74  |g 74820.00  |h v.II  |i 5655105  |o 570.15118 MUR 2003  |p 5655105  |r 2025-04-22  |t 1  |v 74820.00  |w 2022-10-07  |y BK  |k FIS 
952 |0 0  |1 0  |2 ddc  |4 0  |6 570_151180000000000_MUR_2003  |7 0  |8 A  |9 587170  |a BIBCUR  |b BIBCUR  |c GEN  |d 2022-10-07  |e 74  |g 100373.00  |h v.I  |i 5655106  |l 1  |o 570.15118 MUR 2003  |p 5655106  |r 2025-04-22  |s 2025-03-26  |t 1  |v 100373.00  |w 2022-10-07  |y BK  |k FIS